Holiday Quiz

Random Holiday or Christmas Quiz

Twelve Pains of Christmas Quiz Stats

 Plays Quiz Updated Mar 6, 2020

     
Support Sporcle.
Go Orange.
Score 0/12 Timer 04:00
0 Plays Today
Day Pains of Christmas % Correct
SixthFacing my in-laws
76.9%
SecondRigging up the lights
72.9%
FirstFinding a Christmas tree
71.2%
FourthSending Christmas cards
58.8%
FifthFive months of bills
56%
ThirdHangovers [in an Archie Bunker voice]
53.7%
EighthI want a transformer for Christmas!
50.4%
NinthFinding parking spaces
41.8%
TenthBatteries not included
38.4%
SeventhThe Salvation Army
37.2%
TwelfthSinging Christmas carols
36.1%
EleventhStale TV specials
32.1%

From the Vault

Washington D.C. Memorials & Attractions

by robhop

History 6m
Plan your next vacation! (Just make sure the government is up and running when you do.)
Remove Ads.
Support Sporcle.
Get the best of Sporcle when you Go Orange. This ad-free experience offers more features, more stats, and more fun while also helping to support Sporcle. Thank you for becoming a member.

Show Comments

Extras

Top Quizzes Today


Score Distribution

Your Account Isn't Verified!

In order to create a playlist on Sporcle, you need to verify the email address you used during registration. Go to your Sporcle Settings to finish the process.

Report this User

Report this user for behavior that violates our Community Guidelines.

Details: